| Tag |
First Indicator |
Second Indicator |
Subfields |
| LEADER |
00000cam a22000008a 4500 |
| 001 |
in00000010420 |
| 005 |
20151007051350.0 |
| 008 |
860306s1987 nyua be 00100 eng |
| 010 |
|
|
|a 86005432
|
| 020 |
|
|
|a 0029094801 (set)
|
| 020 |
|
|
|a 0029097002 (v. 1)
|
| 035 |
|
|
|a (OCoLC)13137882
|
| 035 |
|
|
|9 AAA2628AM
|
| 040 |
|
|
|a DLC
|c DLC
|d OCL
|d m/c
|d TXA
|d UtOrBLW
|
| 049 |
|
|
|a TXAF
|v 1 [A12575424]
|v 2 [A12575474]
|v 3 [A12575521]
|v 4 [A12575571]
|v 5 [A12575018]
|v 6 [A12575068]
|v 7 [A12575115]
|v 8 [A12575165]
|v 9 [A12575212]
|v 10 [A12575262]
|v 11 [A12575319]
|v 12 [A12575369]
|v 13 [A12575416]
|v 14 [A12575466]
|v 15 [A12575513]
|v 16 [A12638701]
|
| 050 |
0 |
0 |
|a BL31
|b .E46 1986
|
| 050 |
|
4 |
|a BL31
|b .E46 1987
|
| 082 |
0 |
|
|a 200/.3/21
|2 19
|
| 245 |
0 |
4 |
|a The Encyclopedia of religion /
|c [editor in chief, Mircea Eliade ; editors, Charles J. Adams and others].
|
| 263 |
|
|
|a 8610
|
| 264 |
|
1 |
|a New York, N.Y. :
|b Macmillan,
|c [1987]
|
| 264 |
|
4 |
|c ©1987
|
| 300 |
|
|
|a 16 volumes :
|b illustrations
|
| 336 |
|
|
|a text
|b txt
|2 rdacontent
|
| 337 |
|
|
|a unmediated
|b n
|2 rdamedia
|
| 338 |
|
|
|a volume
|b nc
|2 rdacarrier
|
| 504 |
|
|
|a Includes bibliographies and index.
|
| 650 |
|
0 |
|a Religion
|v Dictionaries.
|
| 700 |
1 |
|
|a Eliade, Mircea,
|d 1907-1986.
|
| 700 |
1 |
|
|a Adams, Charles J.
|
| 999 |
|
|
|a MARS
|
| 999 |
f |
f |
|s 5d764edb-9780-3c26-be63-5baad061795b
|i cae2dbbc-fec6-3494-b9bb-e08d238cc811
|t 0
|
| 952 |
f |
f |
|p normal
|a Texas A&M University
|b College Station
|c Sterling C. Evans Library
|d Evans: Library Stacks
|t 0
|e BL31 .E46 1987
|h Library of Congress classification
|i unmediated -- volume
|k v.7
|m A14812575115
|
| 952 |
f |
f |
|p normal
|a Texas A&M University
|b College Station
|c Sterling C. Evans Library
|d Evans: Library Stacks
|t 0
|e BL31 .E46 1987
|h Library of Congress classification
|i unmediated -- volume
|k v.5
|m A14812575018
|
| 952 |
f |
f |
|p normal
|a Texas A&M University
|b College Station
|c Sterling C. Evans Library
|d Evans: Library Stacks
|t 0
|e BL31 .E46 1987
|h Library of Congress classification
|i unmediated -- volume
|k v.3
|m A14812575521
|
| 952 |
f |
f |
|p normal
|a Texas A&M University
|b College Station
|c Sterling C. Evans Library
|d Evans: Library Stacks
|t 0
|e BL31 .E46 1987
|h Library of Congress classification
|i unmediated -- volume
|k v.15
|m A14812575513
|
| 952 |
f |
f |
|p normal
|a Texas A&M University
|b College Station
|c Sterling C. Evans Library
|d Evans: Library Stacks
|t 0
|e BL31 .E46 1987
|h Library of Congress classification
|i unmediated -- volume
|k v.16
|m A14812638701
|
| 952 |
f |
f |
|p normal
|a Texas A&M University
|b College Station
|c Sterling C. Evans Library
|d Evans: Library Stacks
|t 0
|e BL31 .E46 1987
|h Library of Congress classification
|i unmediated -- volume
|k v.1
|m A14812575424
|
| 952 |
f |
f |
|p normal
|a Texas A&M University
|b College Station
|c Sterling C. Evans Library
|d Evans: Library Stacks
|t 0
|e BL31 .E46 1987
|h Library of Congress classification
|i unmediated -- volume
|k v.11
|m A14812575319
|
| 952 |
f |
f |
|p normal
|a Texas A&M University
|b College Station
|c Sterling C. Evans Library
|d Evans: Library Stacks
|t 0
|e BL31 .E46 1987
|h Library of Congress classification
|i unmediated -- volume
|k v.4
|m A14812575571
|
| 952 |
f |
f |
|p normal
|a Texas A&M University
|b College Station
|c Sterling C. Evans Library
|d Evans: Library Stacks
|t 0
|e BL31 .E46 1987
|h Library of Congress classification
|i unmediated -- volume
|k v.2
|m A14812575474
|
| 952 |
f |
f |
|p normal
|a Texas A&M University
|b College Station
|c Sterling C. Evans Library
|d Evans: Library Stacks
|t 0
|e BL31 .E46 1987
|h Library of Congress classification
|i unmediated -- volume
|k v.9
|m A14812575212
|
| 952 |
f |
f |
|p normal
|a Texas A&M University
|b College Station
|c Sterling C. Evans Library
|d Evans: Library Stacks
|t 0
|e BL31 .E46 1987
|h Library of Congress classification
|i unmediated -- volume
|k v.10
|m A14812575262
|
| 952 |
f |
f |
|p normal
|a Texas A&M University
|b College Station
|c Sterling C. Evans Library
|d Evans: Library Stacks
|t 0
|e BL31 .E46 1987
|h Library of Congress classification
|i unmediated -- volume
|k v.6
|m A14812575068
|
| 952 |
f |
f |
|p normal
|a Texas A&M University
|b College Station
|c Sterling C. Evans Library
|d Evans: Library Stacks
|t 0
|e BL31 .E46 1987
|h Library of Congress classification
|i unmediated -- volume
|k v.12
|m A14812575369
|
| 952 |
f |
f |
|p normal
|a Texas A&M University
|b College Station
|c Sterling C. Evans Library
|d Evans: Library Stacks
|t 0
|e BL31 .E46 1987
|h Library of Congress classification
|i unmediated -- volume
|k v.14
|m A14812575466
|
| 952 |
f |
f |
|p normal
|a Texas A&M University
|b College Station
|c Sterling C. Evans Library
|d Evans: Library Stacks
|t 0
|e BL31 .E46 1987
|h Library of Congress classification
|i unmediated -- volume
|k v.8
|m A14812575165
|
| 952 |
f |
f |
|p normal
|a Texas A&M University
|b College Station
|c Sterling C. Evans Library
|d Evans: Library Stacks
|t 0
|e BL31 .E46 1987
|h Library of Congress classification
|i unmediated -- volume
|k v.13
|m A14812575416
|
| 998 |
f |
f |
|a BL31 .E46 1987
|s v.1-16
|t 0
|l Evans: Library Stacks
|